Narrative of the adventures of Zenas Leonard (Record no. 229)
[ view plain ]
| 000 -LEADER | |
|---|---|
| fixed length control field | 01348nam a2200325Ia 4500 |
| 100 1# - MAIN ENTRY--AUTHOR NAME | |
| Personal name | Leonard, Zenas, |
| 245 10 - TITLE STATEMENT | |
| Title | Narrative of the adventures of Zenas Leonard |
| 260 ## - PUBLICATION, DISTRIBUTION, ETC. (IMPRINT) | |
| Place of publication | Santa Barbara, Calif. : |
| Name of publisher | Narrative Press, |
| Year of publication | c2001. |
| 300 ## - PHYSICAL DESCRIPTION | |
| Number of Pages | 189 p. |
| 500 ## - GENERAL NOTE | |
| General note | Originally published: Clearfield (PA) Republican, 1839. |
| 650 #0 - SUBJECT ADDED ENTRY--TOPICAL TERM | |
| Topical Term | Fur trade |
| 856 40 - ELECTRONIC LOCATION AND ACCESS | |
| Uniform Resource Identifier | http://site.ebrary.com/lib/rucke/Doc?id=5003643 |
No items available.
